000 00388nam a2200157Ia 4500
003 LK-CoDNM
008 010623t1986 xxu||||| |||| 00| 1 eng d
040 _aLK-CoDNM
_dLK-CoDNM
_eLK-CoDNM
041 _aeng
080 _a92 SUN
245 _aKim Il Sung Works
260 _bForeign language publishing house
_aKorea
_c1986
300 _b362, 22 cm
650 _aBiography
942 _cBK
999 _c113146
_d113146